|
|
|
|
| LEADER |
03438nam a2200505 4500 |
| 001 |
978-3-319-68810-7 |
| 003 |
DE-He213 |
| 005 |
20191026081233.0 |
| 007 |
cr nn 008mamaa |
| 008 |
171207s2018 gw | s |||| 0|eng d |
| 020 |
|
|
|a 9783319688107
|9 978-3-319-68810-7
|
| 024 |
7 |
|
|a 10.1007/978-3-319-68810-7
|2 doi
|
| 040 |
|
|
|d GrThAP
|
| 050 |
|
4 |
|a JC421-472.2
|
| 072 |
|
7 |
|a JPHV
|2 bicssc
|
| 072 |
|
7 |
|a POL007000
|2 bisacsh
|
| 072 |
|
7 |
|a JPHV
|2 thema
|
| 082 |
0 |
4 |
|a 321.8
|2 23
|
| 100 |
1 |
|
|a Roulier, Scott M.
|e author.
|4 aut
|4 http://id.loc.gov/vocabulary/relators/aut
|
| 245 |
1 |
0 |
|a Shaping American Democracy
|h [electronic resource] :
|b Landscapes and Urban Design /
|c by Scott M. Roulier.
|
| 250 |
|
|
|a 1st ed. 2018.
|
| 264 |
|
1 |
|a Cham :
|b Springer International Publishing :
|b Imprint: Palgrave Macmillan,
|c 2018.
|
| 300 |
|
|
|a X, 237 p.
|b online resource.
|
| 336 |
|
|
|a text
|b txt
|2 rdacontent
|
| 337 |
|
|
|a computer
|b c
|2 rdamedia
|
| 338 |
|
|
|a online resource
|b cr
|2 rdacarrier
|
| 347 |
|
|
|a text file
|b PDF
|2 rda
|
| 505 |
0 |
|
|a 1. American Democracy and Its Spaces: An Introduction -- 2. American Pastoral: Jefferson's Agrarian Republic -- 3. Democracy Gone Wild: Thoreau and the Wilderness Tradition -- 4. Olmsted's Public Parks: Civic-Spirited Design -- 5. Democracy and Individuality: Frank Lloyd Wright's Broadacres and the Burbs -- 6. Democratic Ambivalence: Robert Moses and Modernist Urban Planning -- 7. Democracy and Civic Ecology: New Urbanism -- 8. Democratic Designs: A Multipronged Approach -- 9. Conclusion. .
|
| 520 |
|
|
|a This book argues that the design of built spaces influences civic attitudes, including prospects for social equality and integration, in America. Key American architects and planners-including Frederick Law Olmsted, Frank Lloyd Wright, Robert Moses, and the New Urbanists-not only articulated unique visions of democracy in their extensive writings, but also instantiated those ideas in physical form. Using criteria such as the formation of social capital, support for human capabilities, and environmental sustainability, the book argues that the designs most closely associated with a communally-inflected version of democracy, such as Olmsted's public parks or various New Urbanist projects, create conditions more favorable to human flourishing and more consistent with a democratic society than those that are individualistic in their orientation, such as urban modernism or most suburban forms.
|
| 650 |
|
0 |
|a Democracy.
|
| 650 |
|
0 |
|a Cultural policy.
|
| 650 |
|
0 |
|a Urban geography.
|
| 650 |
|
0 |
|a Environmental policy.
|
| 650 |
1 |
4 |
|a Democracy.
|0 http://scigraph.springernature.com/things/product-market-codes/911050
|
| 650 |
2 |
4 |
|a Cultural Policy and Politics.
|0 http://scigraph.springernature.com/things/product-market-codes/411120
|
| 650 |
2 |
4 |
|a Urban Geography / Urbanism (inc. megacities, cities, towns).
|0 http://scigraph.springernature.com/things/product-market-codes/J15010
|
| 650 |
2 |
4 |
|a Environmental Politics.
|0 http://scigraph.springernature.com/things/product-market-codes/U38000
|
| 710 |
2 |
|
|a SpringerLink (Online service)
|
| 773 |
0 |
|
|t Springer eBooks
|
| 776 |
0 |
8 |
|i Printed edition:
|z 9783319688091
|
| 776 |
0 |
8 |
|i Printed edition:
|z 9783319688114
|
| 776 |
0 |
8 |
|i Printed edition:
|z 9783319886626
|
| 856 |
4 |
0 |
|u https://doi.org/10.1007/978-3-319-68810-7
|z Full Text via HEAL-Link
|
| 912 |
|
|
|a ZDB-2-POS
|
| 950 |
|
|
|a Political Science and International Studies (Springer-41174)
|